| 000 | 00667nam a22001937a 4500 | ||
|---|---|---|---|
| 005 | 20251108165325.0 | ||
| 008 | 250721s1992 xx 000 0 ara d | ||
| 082 | 1 | 4 | _a333.8/فلا |
| 100 | 1 | _aفلافين، كريستوفر | |
| 245 | 1 | 0 |
_aما بعد عصر النفط : _bتصميم إقتصاد قائم على الطاقة الشمسية / |
| 264 | 1 |
_aبيروت : _bالدار الدولية للنشر و التوزيع، _c1992. |
|
| 300 | _a91ص | ||
| 650 | 1 | 7 | _aالطاقة |
| 650 | 1 | 7 | _aالطاقة الشمسية |
| 700 | 1 | _aلينسن، نيكولاس | |
| 700 | 1 |
_aالحديدي، محمد _eترجمة |
|
| 942 |
_2ddc _cBK |
||
| 999 |
_c25086 _d25086 |
||